Early American History - Statistics

General Stats
  • This quiz has been taken 90 times
  • The average score is 10 of 15
Answer Stats
Queston Answer % Correct
What land acquisition from France doubled the size of the U.S.? Louisiana
92%
Who wrote the Declaration of Independence? Thomas Jefferson
88%
What state was formerly an independent republic? Texas
86%
And where was the first 'permanent' English settlement? Jamestown
84%
Who was president of the Union? Abraham Lincoln
83%
What war nearly made the U.S. part of the British Empire again? The War of 1812
75%
What war lead to America's independence? Revolutionary War
68%
What term is used to describe the period following the Civil War? Reconstruction
66%
Who assasinated the President in 1865? John Wilkes Booth
65%
Where did the Pilgrims land in 1620? Plymouth Rock
65%
Who was president of the Confederacy? Jefferson Davis
58%
What policy urged America to stretch west towards the Pacific? Manifest destiny
58%
Where was the first English settlement attempted in America? Roanoke
58%
Whose assassination sparked World War 1? Archduke Ferdinand
51%
Where did the first battle of the Civil War take place? Fort Sumter
42%
No matching quizzes found
Score Distribution
Percent of People with Each Score
Percentile by Number Answered
Your Score History
You have not taken this quiz